UM Logo

Incorporating a gender approach in the hospitality industry : (Record no. 17892)

MARC details
000 -LEADER
fixed length control field 00884nam a22002177a 4500
003 - CONTROL NUMBER IDENTIFIER
control field OSt
005 - DATE AND TIME OF LATEST TRANSACTION
control field 20230127111908.0
008 - FIXED-LENGTH DATA ELEMENTS--GENERAL INFORMATION
fixed length control field 230127b ||||| |||| 00| 0 eng d
040 ## - CATALOGING SOURCE
Transcribing agency 0
082 ## - DEWEY DECIMAL CLASSIFICATION NUMBER
Classification number DPer 910.46 T156 2019 v76PA-76PB
100 ## - MAIN ENTRY--PERSONAL NAME
Personal name Segovia-Perez, Monica
Relator term author.
9 (RLIN) 47588
245 ## - TITLE STATEMENT
Title Incorporating a gender approach in the hospitality industry :
Remainder of title female executives' perceptions /
Statement of responsibility, etc. Monica Segovia-Perez, Cristina Figueroa-Domecq, Laura Fuentes-Moraleda, Ana Muñoz-Mazon.
260 ## - PUBLICATION, DISTRIBUTION, ETC. (IMPRINT)
Place of publication, distribution, etc. Amsterdam :
Name of publisher, distributor, etc. Elsevier,
Date of publication, distribution, etc. ©January 2019.
300 ## - PHYSICAL DESCRIPTION
Extent v 76PA, pages 184-193 : illustrations.
650 ## - SUBJECT ADDED ENTRY--TOPICAL TERM
Topical term or geographic name as entry element Hospitality industry.
9 (RLIN) 47589
700 ## - ADDED ENTRY--PERSONAL NAME
Personal name Segovia-Perez, Monica.
Relator term author.
9 (RLIN) 47590
700 ## - ADDED ENTRY--PERSONAL NAME
Personal name Figueroa-Domecq, Cristina.
Relator term author.
9 (RLIN) 47591
700 ## - ADDED ENTRY--PERSONAL NAME
Personal name Fuentes-Moraleda, Laura.
Relator term author.
9 (RLIN) 47592
700 ## - ADDED ENTRY--PERSONAL NAME
Personal name Muñoz-Mazon, Ana.
Relator term author.
9 (RLIN) 47593
942 ## - ADDED ENTRY ELEMENTS (KOHA)
Source of classification or shelving scheme Dewey Decimal Classification
Koha item type Periodicals
Holdings
Withdrawn status Lost status Source of classification or shelving scheme Damaged status Not for loan Collection code Home library Current library Date acquired Total Checkouts Full call number Date last seen Price effective from Koha item type Public note
    Dewey Decimal Classification     Periodicals UM Digos College - LIC UM Digos College - LIC 01/27/2023   DPer 910.46 T156 2019 v76PA-76PB 01/27/2023 01/27/2023 Periodicals Periodical article